| 000 | 00950cam a2200229 4500 | ||
|---|---|---|---|
| 001 | WB3738-13 | ||
| 008 | 011009n2001 000 0 eng u | ||
| 035 | _a(Sirsi) u115042 | ||
| 245 | _aFalconer demands transfer competition | ||
| 260 | _c2001 | ||
| 490 |
_aHousing Today _v4 October 2001, 5(1) |
||
| 520 | _aLord Falconer reveals that the DTLR's housing transfer guidance for 2002 concentrates on more competition between Registered Social Landlords (RSLs). Councils undergoing stock transfer will need to consider existing housing associations even if tenants want a new landlord. The transfer guidance is available at: http://www.housing.dtlr.gov.uk/transfers/guidance2002/index.htm. | ||
| 590 | _aWB | ||
| 650 | _aHOUSING ASSOCIATIONS | ||
| 650 | _aSTOCK TRANSFERS | ||
| 650 | _aGUIDANCE | ||
| 650 | _aCOMPETITION | ||
| 650 | _aRSLS | ||
| 650 | _aREGISTERED SOCIAL LANDLORDS | ||
| 690 |
_aAffordable housing _96215 |
||
| 942 | _n0 | ||
| 999 |
_c68519 _d68519 |
||